Üç iktidar üç hayal kırıklığı (Record no. 7173)
[ view plain ]
| 000 -BAŞLIK | |
|---|---|
| Sabit Uzunlukta Kontrol Alanı | 00635na a2200229 4500 |
| 001 - KONTROL NUMARASI | |
| Denetim Alanı | 21521 |
| 003 - KONTROL NUMARASI IDENTIFIER | |
| Denetim Alanı | MIRAKIL |
| 005 - SON İŞLEM TARİHİ VE ZAMANI | |
| Denetim Alanı | 20181213155130.0 |
| 008 - SABİT-BOY VERİ ELEMANLARI - GENEL BİLGİLER | |
| Sabit Uzunlukta Kontrol Alanı | 170205b tu 000 0 |
| 020 ## - ULUSLARARASI STANDART KİTAP NUMARASI | |
| Uluslararası Standart Kitap Numarası | 9752933440 |
| 040 ## - KATALOGLAMA KAYNAK | |
| Orijinal Kataloglama Ajansı | Milas |
| Kataloglama Dili | tur |
| Metne Dönüştürmek Ajansı | TR-AnCHP |
| 041 ## - DİL KODU | |
| Metin / Ses Parça Veya Ayrı Başlığın Dil Kodu | tur |
| 082 ## - DEWEY ONLU SINIFLANDIRMA NUMARASI | |
| Sınıflandırma Numarası | 320.9561 |
| Ürün Numarası | B54ü 2005 |
| 090 ## - SINIFLAMA NUMARASI | |
| Sınıflama Numarası | 320.9561 B54ü 2005 |
| 100 ## - ANA GİRİŞ - KİŞİSEL İSİM | |
| Kişisel Ad | Bilginer, Recep |
| 245 ## - BAŞLIK TABLOSU | |
| Başlık | Üç iktidar üç hayal kırıklığı |
| Sorumluluk Tablosu, Vb | Recep Bilginer |
| 260 ## - YAYIN, DAĞITIM, VB | |
| Yayın, Dağıtım, Vb Yeri | İstanbul |
| Yayıncı, Dağıtıcı, Vs Adı | Doğan Kitap |
| Yayın, Dağıtım, Vb Tarihi | 2005 |
| 300 ## - FİZİKSEL TANIM | |
| Kapsam | 319 s. |
| Diğer Fiziksel Ayrıntıları | fotg. |
| Boyutlar | 23 sm. |
| 504 ## - KAYNAKÇA VB NOT | |
| Kaynakça Vb Notu | Dizin var. |
| 651 ## - KONU KATMA GİRİŞ - COĞRAFİ ADI | |
| Coğrafi İsim | Türkiye |
| Form Alt Bölümü | Siyaset ve yönetim |
| Kronolojik Alt Bölümü | 1946-1960 |
| Malzemeler Belirtilen | Anılar |
| 942 ## - EKLENDİ GİRİŞ ELEMANLARI (KOHA) | |
| Sınıflandırma Veya Raf Düzeni Kaynak | Dewey Decimal Classification |
| Koha Öğesi Türü | Books |
| 999 ## - SİSTEM KONTROL NUMARALARI (KOHA) | |
| Koha Biblionumber | 7173 |
| Koha Biblioitemnumber | 7173 |
| Kalıcı Konum | Mevcut Konum | Edinme Tarihi | Edinim Kaynak | Toplam Check-Out'Lar | Tam Çağrı Numarası | Barkod | Tarih Son Görülme | İtibaren Geçerli Fiyatlar | Koha Öğesi Türü |
|---|---|---|---|---|---|---|---|---|---|
| CHP Kütüphanesi | CHP Kütüphanesi | 02/05/2017 | Bağış | 320.9561 B54ü 2005 | 015540 | 02/05/2017 | 02/05/2017 | Books |
